| 000 | 00651nam a22002177a 4500 | ||
|---|---|---|---|
| 003 | OSt | ||
| 005 | 20260216120424.0 | ||
| 008 | 160222b xxu||||| |||| 00| 0 eng d | ||
| 020 | _a05-753-2012-1 | ||
| 040 | _c0 | ||
| 050 | _a174.4 | ||
| 082 | _a174.4 | ||
| 100 |
_aJawwad,Abdul. _9133242 |
||
| 245 |
_aTransformation at the federal board of revenue ( FBR),Pakistan. _bCase Studies. _cAbdul Jawwad. |
||
| 260 |
_aLahore. _bLUMS _c2012. |
||
| 300 | _a43Pp. | ||
| 500 | _aPaper Cover | ||
| 590 | _6http://10.250.8.41:8080/xmlui/handle/123456789/56794 | ||
| 856 | _uhttp://10.250.8.41:8080/xmlui/handle/123456789/56794 | ||
| 942 |
_2ddc _cCS _k174.4 |
||
| 999 |
_c351207 _d351207 |
||